| 000 | 01266nam a2200325 a 4500 | ||
|---|---|---|---|
| 003 | AR-BaBNM | ||
| 005 | 20251128203816.0 | ||
| 008 | 082120s2002 ||||||||||||||000 | spa|| | ||
| 040 | _cAR-BaBNM | ||
| 100 | 1 | _aJarolimek, John | |
| 245 | 0 | 0 | _aLas ciencias sociales en la educación elemental |
| 250 | _a1ª ed. | ||
| 260 |
_aMéxico, D.F. _bPax _bLibrería Carlos Cesarman _c1964 |
||
| 300 |
_axii, 486 p. _bil., diagr. |
||
| 490 | 0 | _aCiencias del hombre | |
| 500 | _aContiene referencias bibliográficas al final de cada capítulo | ||
| 500 | _aEsta edición ha sido preparada por el Centro Regional de Ayuda Técnica, Agencia para el Desarrollo InternacionalA.I.D., Departamento de Estado del Gobierno de los Estados Unidos de América. El Centro es una organización dedicada a la producción de version | ||
| 650 | 4 | _aCIENCIAS SOCIALES | |
| 650 | 4 | _aENSEÑANZA DE LAS CIENCIAS SOCIALES | |
| 650 | 4 | _aESTUDIOS SOCIALES | |
| 650 | 4 | _aMETODOS DE ENSEÑANZA | |
| 650 | 4 | _aENSEÑANZA DE LA GEOGRAFIA | |
| 650 | 4 | _aCURRICULO DE ENSEÑANZA PRIMARIA | |
| 650 | 4 | _aOBJETIVOS EDUCACIONALES | |
| 653 | _aEDUCACION PRIMARIA | ||
| 700 | 1 |
_aOriol Anguera, Antonio _etraductor |
|
| 800 | 1 |
_aCesarman, Fernando _etraductor |
|
| 942 | _cBK | ||
| 998 | _cSILVI | ||
| 999 |
_c5006 _d5006 |
||